Root stimulation by hormones (Record no. 67255)

MARC details
000 -LEADER
fixed length control field 00321nam a2200133Ia 4500
245 #0 - TITLE STATEMENT
Title Root stimulation by hormones
260 ## - PUBLICATION, DISTRIBUTION, ETC. (IMPRINT)
Name of publisher R.R.I Planters Bulletin
Year of publication 1939
300 ## - PHYSICAL DESCRIPTION
Number of Pages 5-Jan
650 ## - SUBJECT ADDED ENTRY--TOPICAL TERM
Topical Term Hormones
650 ## - SUBJECT ADDED ENTRY--TOPICAL TERM
Topical Term Root stimulation
650 ## - SUBJECT ADDED ENTRY--TOPICAL TERM
Topical Term Rubber
942 ## - ADDED ENTRY ELEMENTS (KOHA)
Koha item type Journals
Holdings
Withdrawn status Lost status Damaged status Not for loan Home library Current library Shelving location Date acquired Serial Enumeration / chronology Koha item type
      Journals RRII Library RRII Library Biotechnology 17/12/2021 Volume 4, Issue Journals